000 00444nam a22001817a 4500
003 MPLRDC
005 20220105061132.0
008 210129b ||||| |||| 00| 0 eng d
082 _a868.71 JQ
100 _a纪青
245 _a风铃的重响
_c
250 _a初版
260 _a马来西亚
_b学人出版社有限公司
_c1982
300 _b
520 _a上架 2017-12-13。
650 _a马华文学
942 _cBK
_o868.71 JQ
999 _c69334
_d69324